Technology, Trust, and Religion (Record no. 65956)

MARC details
000 -LEADER
fixed length control field 01955nam a2200253Ii 4500
008 - FIXED-LENGTH DATA ELEMENTS--GENERAL INFORMATION
fixed length control field 221202s xx 000 0 und d
100 1# - MAIN ENTRY--PERSONAL NAME
Personal name Drees, Willem,
Relator term author
245 #0 - TITLE STATEMENT
Title Technology, Trust, and Religion
246 ## - VARYING FORM OF TITLE
Title proper/short title Roles of Religions in Controversies on Ecology and the Modification of Life
264 ## - PRODUCTION, PUBLICATION, DISTRIBUTION, MANUFACTURE, AND COPYRIGHT NOTICE
Name of producer, publisher, distributor, manufacturer Leiden University Press
Date of production, publication, distribution, manufacture, or copyright notice 2009
300 ## - PHYSICAL DESCRIPTION
Extent 1 online resource (320 pages)
336 ## - CONTENT TYPE
Content type term text
Content type code txt
Source rdacontent
337 ## - MEDIA TYPE
Media type term computer
Media type code c
Source rdamedia
338 ## - CARRIER TYPE
Carrier type term online resource
Carrier type code cr
Source rdacarrier
490 ## - SERIES STATEMENT
Series statement LUP Academic
520 ## - SUMMARY, ETC.
Summary, etc. What does it mean to be human in a world of technology? What could be the role of religion in responding to the ecological crisis? Should we be concerned about the modification of food, and even of ourselves? Who do we trust to make decisions regarding our common future? What do we use our technology for? These are not questions for experts only. How can the wider public be involved? Do experts and the general public trust each other sufficiently? Or is the public ignorant, in the eyes of the scientists? And are too many engineers narrow minded, according to the general public? The contributors to this timely and necessary volume address expertise, trust and engagement, as we consider our technological condition , religious resources for the ecological crisis , biotechnology , and matters of trust between scientists and the general public. With contributions from leading scholars in the field, including James Miller from Queen's University, Canada and Tony Watling from the University College, London, this book will captivate a range of readers interested in the spirtitual dimension of of our culture and society.
653 ## - INDEX TERM--UNCONTROLLED
Uncontrolled term Ecology
653 ## - INDEX TERM--UNCONTROLLED
Uncontrolled term Philosophy
653 ## - INDEX TERM--UNCONTROLLED
Uncontrolled term Religie
653 ## - INDEX TERM--UNCONTROLLED
Uncontrolled term Technology
653 ## - INDEX TERM--UNCONTROLLED
Uncontrolled term Trust
856 ## - ELECTRONIC LOCATION AND ACCESS
Uniform Resource Identifier <a href="https://library.oapen.org/bitstream/20.500.12657/34799/1/354669.pdfhttp://library.oapen.org/handle/20.500.12657/34799">https://library.oapen.org/bitstream/20.500.12657/34799/1/354669.pdfhttp://library.oapen.org/handle/20.500.12657/34799</a>
942 ## - ADDED ENTRY ELEMENTS (KOHA)
Koha item type E-Book
Holdings
Withdrawn status Damaged status Not for loan Home library Current library Date acquired Total Checkouts Date last seen Price effective from Koha item type
      Directory of Open Access Books Directory of Open Access Books 11/28/2022   11/28/2022 11/28/2022 E-Book

University of Rizal System
Email us at univlibservices@urs.edu.ph

Visit our Website www.urs.edu.ph/library